| 000 | 00476nam a22001575i 4500 | ||
|---|---|---|---|
| 001 | 159864 | ||
| 003 | ES-MaACL | ||
| 005 | 20230906211836.0 | ||
| 008 | 040927s1869 fr |||| | fre d | ||
| 040 |
_aCAM _bspa _cCAM |
||
| 245 | 0 | 3 |
_aLe Moine / _cpar l'abbé ***. |
| 250 | _aNouvelle éd. | ||
| 260 |
_aParis : _bLibrairie Internationale : _bA. Lacroix, Verboeckhoven et c\pie\s éditeurs, _c1869. |
||
| 300 |
_a396 p. ; _c19 cm. |
||
| 852 |
_aES-MaACL _jD-2343 _z-- Rust. |
||
| 999 |
_c159864 _d159864 |
||